000 00571cam a2200217ua 4500
001 11874
005 20260515114818.0
008 191114n ii |||gr||||Z||||||eng
020 _a9780199474714
040 _cMAIN
041 _aeng
082 _a370.954
100 _aR Govinda,
_eEditor.
245 _aIndia education report :
_bprogress of basic education /
_cEdited by R Govinda and Mona Sedwal .
250 _a1st ed.
260 _aNew Delhi:
_bOxford,
_c2017.
300 _a265p.
653 _aEducation
700 _aMona Sedwal,
_eEditor.,
942 _cBK
999 _c10653
_d10653